| 000 | 00640nam a2200205 i 4500 | ||
|---|---|---|---|
| 001 | bgj | ||
| 100 | 1 | _aGARTON-SPRENGER, Judy | |
| 245 | 1 | 0 |
_aInspiration : _bpodręcznik dla gimnazjum : student's book : starter / _cJudy Garton-Sprenger, Philip Prowse. |
| 260 |
_aWarszawa : _bMacmillan Polska, _c2005. |
||
| 300 |
_a132 pp : _bill. ; _c30 cm. |
||
| 650 | 9 |
_aEnglish language _xSecondary schools _xA1 _xA2 |
|
| 655 | _aTextbooks for foreigners | ||
| 700 | 1 |
_aPROWSE, Philip. _eco-author |
|
| 020 | _a8389162059 | ||
| 040 | _cBPK | ||
| 041 | 0 | _aeng | |
| 920 | _a83-89162-05-9 | ||
| 942 | _cKS | ||
| 008 | s uk f |000 0 eng | ||
| 999 |
_c49043 _d49043 |
||